000 01516nam a2200361Ia 4500
001 ebr10061154
003 CaPaEBR
006 m u
007 cr cn|||||||||
008 900919s1991 enka sb 001 0 eng d
010 _z 90049769
020 _z0203451260
020 _z0419155708
040 _aCaPaEBR
_cCaPaEBR
035 _a(OCoLC)252865013
050 1 4 _aHT169.G7
_bH37 1991eb
082 0 4 _a307.1/216/0941
_220
100 1 _aHardy, Dennis.
245 1 0 _aFrom garden cities to new towns
_h[electronic resource] :
_bcampaigning for town and country planning, 1899-1946 /
_cDennis Hardy.
250 _a1st ed.
260 _aLondon ;
_aNew York :
_bE & FN Spon,
_c1991.
300 _ax, 340 p. :
_bill.
490 1 _aStudies in history, planning, and the environment ;
_v13
500 _aContinued by: From new towns to green politics.
504 _aIncludes bibliographical references (p. [319]-333) and index.
533 _aElectronic reproduction.
_bPalo Alto, Calif. :
_cebrary,
_d2009.
_nAvailable via World Wide Web.
_nAccess may be limited to ebrary affiliated libraries.
610 2 0 _aTown and Country Planning Association (Great Britain)
_xHistory.
650 0 _aCity planning
_zGreat Britain
_xHistory.
655 7 _aElectronic books.
_2local
710 2 _aebrary, Inc.
830 0 _aStudies in history, planning, and the environment ;
_v13.
856 4 0 _uhttp://site.ebrary.com/lib/rucke/Doc?id=10061154
_zAn electronic book accessible through the World Wide Web; click to view
999 _c46715
_d46715